Top 10 des pays les plus grands d'Afrique - Statistiques

Statistiques générales
  • Ce quiz a été pris 747 fois
  • Le résultat moyen est 8 sur 10
Statistiques - réponses
Superficie (km²) Pays % Correct
2 381 741 Algérie
98%
2 344 858 République Démocratique du Congo
95%
1 221 037 Afrique du Sud
92%
1 240 192 Mali
83%
1 267 000 Niger
82%
1 861 484 Soudan
75%
1 676 198 Libye
71%
1 284 000 Tchad
67%
1 104 300 Éthiopie
63%
1 246 700 Angola
62%
Aucun quiz correspondant
Distribution des résultats
% des personnes avec chaque résultat
Percentile par nombre de réponses
Votre historique - résultats
Vous n’avez pas pris ce quiz